000 00817cab a2200229 4500
001 ABS53127
008 090401t1995 xxu||||| |||| 00| 0 eng d
035 _a(Sirsi) u2273
041 _aeng
100 _aGardiner, P.D.
245 _aCase explorations in construction conflict management
260 _c1995
350 _a0
490 _aConstruction Management & Economics
_v13(3) 1995, 219-234(16)
520 _aAnalysis of the results of a survey exploring conflict in construction projects. Argues that better organisation would lead to conflict being resolved at an earlier and more beneficial stage of the project.
650 _aCONFLICT MANAGEMENT
650 _aCONSTRUCTION MANAGEMENT
_96230
690 _aProject management
_96261
700 _aSimmons, J.E.L.
942 _n0
948 _c04/03/1997
999 _c1374
_d1374